¿Cómo (no) leer las imágenes?

Guardado en:
Detalles Bibliográficos
Autor principal: Alloa, Emmanuel (autor)
Otros Autores: Soto Calderón, Andrea (traductora)
Formato: Libro
Publicado: Viña del Mar, Chile: Aguaderramada, 2022.
Edición:2a. edición.
Colección:Colección Taller Visual.
Materias:
Etiquetas: Agregar Etiqueta
Sin Etiquetas, Sea el primero en etiquetar este registro!

MARC

LEADER 00000nam a22000007a 4500
003 CL-VaPUC
005 20250321101929.0
008 250121t2021 ||||| |||| 00| 0 eng d
999 |c 446723  |d 446721 
020 |a 978-956-9996-01-6 
040 |c Pontificia Universidad Católica de Valparaíso 
082 |a 707.1 ALL 2022 
100 |9 895698  |a Alloa, Emmanuel  |e autor 
245 |a ¿Cómo (no) leer las imágenes? 
250 |a 2a. edición. 
260 |a Viña del Mar, Chile:  |b Aguaderramada,  |c 2022. 
300 |a 51 páginas:  |b fotografías. 
490 |a Colección Taller Visual. 
500 |a c.1-c.2. Instituto Arcos.08-01-2025. 
583 |c 20250121  |k Gabriela Rodríguez Cuevas 
650 0 |9 361884  |a Imágenes   |x Percepción visual 
650 0 |9 345969  |a Apreciación estética   |x Imagenes 
700 |9 895705  |a Soto Calderón, Andrea  |e traductora 
942 |2 ddc  |c BK  |n 0 
952 |0 0  |1 0  |2 ddc  |4 0  |6 707_100000000000000_ALL_2022  |7 0  |9 599705  |a BIBINC  |b BIBINC  |c GEN  |d 2025-01-21  |e Instituto Arcos  |i 5664568  |o 707.1 ALL 2022  |p 5664568  |r 2025-01-21  |t 1  |w 2025-01-21  |y BK  |k IFP 
952 |0 0  |1 0  |2 ddc  |4 0  |6 707_100000000000000_ALL_2022  |7 0  |9 599706  |a BIBINC  |b BIBINC  |c GEN  |d 2025-01-21  |e Instituto Arcos  |i 5664569  |o 707.1 ALL 2022  |p 5664569  |r 2025-01-21  |t 2  |w 2025-01-21  |y BK  |k IFP